000 00837nam a2200265 a 4500
001 15719
003 BD-RjUL
005 20211208235855.0
008 170118m19601951enka 001 0 eng d
035 _a(BD-RjUL)15774
040 _aUKM
_cUKM
_dBD-RjUL
_beng
041 _aeng
082 0 4 _a657.2
_223
_bTEB 1960
100 1 _aTerry, L. A.
_948762
245 1 0 _aBusiness accounts :
_ba course in book-keeping on modern lines /
_cL. A. Terry and W. T. Smith
250 _a3rd ed. re.
260 _aLondon :
_bSir Isaac Pitman & Sons,
_c1957 [reprinted 1960].
300 _avi, 393 p. :
_bill. ;
_c23 cm.
500 _aIncludes index.
650 0 _aAccounting
_xStudy and teaching.
_947520
650 0 _aAccounting
_xProblems, exercises, etc.
_945371
650 0 _aAccounting.
_948763
700 1 _aSmith, W. T.
_948764
942 _2ddc
_cBK
999 _c15719
_d15719